| 000 | 03108cam a22012374i 4500 | ||
|---|---|---|---|
| 003 | PE-LiUPU | ||
| 005 | 20251231074856.0 | ||
| 008 | 170313s r 000 0 spa d | ||
| 020 | _a9582002603 | ||
| 020 | _a9789582002602 | ||
| 035 | _a(Sirsi) a167236 | ||
| 040 |
_aPE-LiUPU _bspa _cPE-LiUPU _erda |
||
| 049 | _aPRUA | ||
| 082 | 0 | 4 |
_a370.008 _MR48 _220 |
| 100 | 1 |
_aGómez Mendoza, Miguel Ánge, _eautor. |
|
| 040 | _aPE-LiUPU | ||
| 245 | 1 | 0 |
_aNo sólo tiza y tablero : _bepistemología de la pedagogía y de la educación / _cMiguel Ángel Sánchez Mendoza. |
| 264 | 1 |
_aBogotá : _bD'VINNI; _c1996. |
|
| 300 |
_a108 páginas ; _c21 centímetros. |
||
| 336 |
_atext _2rdacontent |
||
| 337 |
_aunmediated _2rdamedia |
||
| 338 |
_avolume _2rdacarrier |
||
| 504 | _aBibliografía : páginas 105-108. | ||
| 505 | 0 | _aEpistemología y pedagogía -- Racionalismo crítico y educación -- Hermenéutica y pedagogía como disciplinas reconstructivas -- Algunas implicaciones del discurso filosófico lonerganiano desde la teoría de la educación y pedagogía -- El shock que produce la práctica: teoría, praxis y poiesis. | |
| 526 | _aP202 | ||
| 526 | _aP201 | ||
| 526 | _aP163 | ||
| 526 | _aP162 | ||
| 526 | _aP161 | ||
| 526 | _aP160 | ||
| 526 | _aP148 | ||
| 526 | _aP147 | ||
| 526 | _aP146 | ||
| 526 | _aP145 | ||
| 526 | _aP144 | ||
| 526 | _aP143 | ||
| 526 | _aP142 | ||
| 526 | _aP141 | ||
| 526 | _aP140 | ||
| 526 | _aP139 | ||
| 526 | _aP138 | ||
| 526 | _aP137 | ||
| 526 | _aP136 | ||
| 526 | _aP135 | ||
| 526 | _aP134 | ||
| 526 | _aP133 | ||
| 526 | _aP129 | ||
| 526 | _aP128 | ||
| 526 | _aP127 | ||
| 526 | _aP120 | ||
| 526 | _aP119 | ||
| 526 | _aP118 | ||
| 526 | _aP116 | ||
| 526 | _aP115 | ||
| 526 | _aP114 | ||
| 526 | _aP110 | ||
| 526 | _aP109 | ||
| 526 | _aP108 | ||
| 526 | _aP104 | ||
| 526 | _aP103 | ||
| 526 | _aP102 | ||
| 526 | _aP99 | ||
| 526 | _aP98 | ||
| 526 | _aP97 | ||
| 526 | _aP96 | ||
| 526 | _aP95 | ||
| 526 | _aP93 | ||
| 526 | _aP90 | ||
| 526 | _aP89 | ||
| 526 | _aP88 | ||
| 526 | _aP83 | ||
| 526 | _aP82 | ||
| 526 | _aP62 | ||
| 526 | _aP59 | ||
| 526 | _aP58 | ||
| 526 | _aP57 | ||
| 526 | _aP51 | ||
| 526 | _aP49 | ||
| 526 | _aP48 | ||
| 526 | _aP47 | ||
| 526 | _aP29 | ||
| 526 | _aP24 | ||
| 526 | _aP20 | ||
| 526 | _aP19 | ||
| 526 | _aP17 | ||
| 526 | _aP15 | ||
| 526 | _aP14 | ||
| 526 | _aP12 | ||
| 526 | _aP10 | ||
| 526 | _aP09 | ||
| 526 | _aP08 | ||
| 526 | _aP07 | ||
| 526 | _aP06 | ||
| 526 | _aP05 | ||
| 526 | _aP04 | ||
| 526 | _aP01 | ||
| 650 | 0 | 4 | _aPedagogía. |
| 650 | 0 | 4 | _aEducación. |
| 650 | 0 | 0 |
_aFilosofía de la educación _95207 |
| 910 |
_ajck _bncf _cncf _d20170313 |
||
| 942 |
_2ddc _cBOOK |
||
| 994 |
_aC0 _bPEPRU |
||
| 596 | _a1 | ||
| 999 |
_a370.008 MR48 _wDEWEY _c15991 _i51813 _f2021-11-8 _g4 _lCCODEBUL1 _mBUL _p12.99 _r0 _sY _tBOOK _u2017-3-13 _xEDUCACION _PP20 _0COMPRA _o.STAFF. Colección Ciencias Humanas y Educación _d15991 |
||
| 980 |
_818226 _gJaime Vilcazán Jefe de Análisis Documental |
||